| 000 | nam a22 a 4500 | ||
|---|---|---|---|
| 999 |
_c1379 _d1379 |
||
| 003 | AKMAL | ||
| 005 | 20170509122209.0 | ||
| 008 | 170509s2005 -us e 001 0 eng d | ||
| 020 |
_a0072480580 (pbk.) : _cRM94.56 |
||
| 040 |
_aAKMAL _cAKMAL |
||
| 082 | 0 | 4 |
_a301 FIN _222 |
| 090 | 2 | 0 |
_a301 _bFIN |
| 100 | 1 |
_aStreet, Marc _92716 |
|
| 245 | 1 |
_aTaking sides. _pClashing views on controversial issues in management / _cselected, edited, and with introductions by Marc Street |
|
| 246 | 3 | 0 | _aClashing views on controversial issues in management |
| 260 |
_aDubuque : _bDushkin/McGraw-Hill, _c2005 |
||
| 300 |
_axxiv, 357p. ; _c24cm. |
||
| 504 | _aIncludes bibliographical references and index | ||
| 650 |
_aManagement _91462 |
||
| 942 |
_2ddc _cBOOK |
||